书目信息 |
| 题名: |
百年新诗代表作
|
|
| 作者: | 张贤明, 编选 | |
| 分册: | ||
| 出版信息: | 北京 现代出版社 2018 |
|
| 页数: | 215页 | |
| 开本: | 25cm | |
| 丛书名: | ||
| 单 册: | ||
| 中图分类: | I226.1 , I227.1 | |
| 科图分类: | ||
| 主题词: | 新诗--Xin Shi--诗集--中国--1917-2017 | |
| 电子资源: | ||
| ISBN: | 978-7-5143-6565-8 | |
| 000 | 00973nam0 2200277 45 | |
| 001 | 012001010449 | |
| 005 | 20131102090615.0 | |
| 010 | @a978-7-5143-6565-8@dCNY39.80 | |
| 010 | @a978-7-5143-5995-4@dCNY39.80 | |
| 099 | @aCAL 012018035536 | |
| 100 | @a20180115d2018 em y0chiy50 ea | |
| 101 | 0 | @achi |
| 102 | @aCN@b110000 | |
| 105 | @ay z 000gd | |
| 106 | @ar | |
| 200 | 1 | @a百年新诗代表作@ABai Nian Xin Shi Dai Biao Zuo@f张贤明编著 |
| 210 | @a北京@c现代出版社@d2018 | |
| 215 | @a215页@d25cm | |
| 327 | 1 | @a[1], 1917-1949 ;@a[2], 1949-2017. |
| 330 | @a本书收录中华人民共和国成立至2017年以来胡风、舒婷、席慕蓉、海子、北岛、流沙河名家创作的诗歌五十余首,并进行鉴赏与点评。重点体现中国当代新诗所呈现出的“歌颂、求真与奋进”的主题。 | |
| 606 | 0 | @a新诗@AXin Shi@x诗集@y中国@z1917-2017 |
| 690 | @aI226.1@v5 | |
| 690 | @aI227.1@v5 | |
| 701 | 0 | @a张贤明,@AZhang Xian Ming@f1970-@4编选 |
| 801 | 2 | @aCN@b上海新华@c20191020 |
| 905 | @b1181623-6@dI226.1@e120@f4 | |
| 百年新诗代表作/张贤明编著.-北京:现代出版社,2018 |
| 215页;25cm |
| 部分内容:[1], 1917-1949 ;;[2], 1949-2017. |
| ISBN 978-7-5143-6565-8:CNY39.80 |
| 本书收录中华人民共和国成立至2017年以来胡风、舒婷、席慕蓉、海子、北岛、流沙河名家创作的诗歌五十余首,并进行鉴赏与点评。重点体现中国当代新诗所呈现出的“歌颂、求真与奋进”的主题。 |
| ● |
| 相关链接 |
|
|
|
|
正题名:百年新诗代表作
索取号:I226.1/120
 
预约/预借
| 序号 | 登录号 | 条形码 | 馆藏地/架位号 | 状态 | 备注 |
| 1 | 1181623 | 211816230 | 第一样本阅览室/ [索取号:I226.1/120] | 在馆 | |
| 2 | 1181624 | 211816249 | 第二借阅区/ [索取号:I226.1/120] | 在馆 | |
| 3 | 1181625 | 211816258 | 第二借阅区/ [索取号:I226.1/120] | 在馆 | |
| 4 | 1181626 | 211816267 | 第二借阅区/ [索取号:I226.1/120] | 在馆 |